01013nam a22002531 450000100060000000300080000600500170001400800390003103500190007004000360008904100080012508200270013310000410016024500720020125000160027326000500028930000360033950400500037565000230042594200120044899900170046095201420047795201400061910142BD-RjUL20211208234911.0140123t1965 enka b 001 0 eng a(BD-RjUL)10189 aDLC/ICUcICUdDLCdBD-RjULbeng aeng00a541.3453216bKIA 19651 aKipling, J. J.q(John Jervis)93131810aAdsorption from solutions of non-electrolytes /c[by] J.J. Kipling. a[U.S. ed.]. aLondon ;aNew York :bAcademic Press,cc1965. axii, 328 p. :billus. ;c24 cm. aIncludes bibliographical reference and index. 0aAdsorption.931319 2ddccBK c10142d10142 00102ddc40718NFICaRUCLbRUCLcReadingd1969-08-23eZeitlingerg73.00l0o541.3453 KIA 1965r2014-01-23 00:00:00tC-1w2014-01-23yBK 00102ddc40708NFICaRUCLbRUCLcStackd1967-08-23eZeitlingerg73.00l0o541.3453 KIA 1965r2018-11-06 00:00:00tC-2w2018-11-06yBK